00334nam a2200133Ia 4500003000400000008004100004082001700045100001900062245006600081250000800147260002900155300000800184650000800192OSt191201s2008 xx 000 0 und d a658.049bDEI aDERESKY, Helen 0aInternational Management Managing Across Borders and Cultures aIMP aNew DelhibPearsonc2008 a524 aMBA